[Event "Women's Speed Chess Q8"]
[Site "chess.com INT"]
[Date "2021.06.06"]
[Round "6"]
[White "Varney, Zoe"]
[Black "Dong, Khanh Linh"]
[Result "0-1"]
[WhiteTitle "WCM"]
[BlackTitle "WCM"]
[WhiteElo "1917"]
[BlackElo "1970"]
[WhiteFideId "436135"]
[BlackFideId "12403040"]
[EventDate "2021.06.06"]

1. e4 c5 2. Nf3 d6 3. d4 cxd4 4. Nxd4 Nf6 5. Nc3 a6 6. Be3 e5 7. Nb3 Be6 8. f3
Be7 9. Qd2 Nbd7 10. O-O-O O-O 11. g4 b5 12. h4 b4 13. Nd5 Bxd5 14. exd5 Qc7 15.
h5 Rfc8 16. Rh2 a5 17. g5 a4 18. Na1 Ne8 19. g6 Nef6 20. h6 fxg6 21. hxg7 Kxg7
22. Bb5 b3 23. Bc6 Rab8 24. Rdh1 h5 25. Bh6+ Kf7 26. f4 Ne4 27. Qg2 Ndf6 28. f5
Rg8 29. Qf3 bxa2 30. Bg5 Qb6 31. Bxf6 Qxb2+ 32. Kd1 Qd4+ 33. Qd3 Rb1+ 34. Ke2
Nc3+ 35. Kf3 Qg4+ 36. Kf2 Rxh1 37. Rxh1 Ne4+ 38. Ke3 Qf4+ 39. Ke2 Ng3+ 40. Kd1
Nxh1 41. Bxe7 Nf2+ 42. Ke2 Nxd3 43. Kxd3 Kxe7 44. fxg6 Qd4+ 45. Ke2 Qxa1 46. Kd3
Qd4+ 47. Ke2 a1=Q 0-1

[Event "Women's Speed Chess Q8"]
[Site "chess.com INT"]
[Date "2021.06.06"]
[Round "6"]
[White "Mkrtchian, Lilit"]
[Black "Arpita, Mukherjee"]
[Result "1-0"]
[WhiteTitle "IM"]
[BlackTitle "WIM"]
[WhiteElo "2388"]
[BlackElo "2206"]
[WhiteFideId "13300601"]
[BlackFideId "5056403"]
[EventDate "2021.06.06"]

1. e4 c5 2. Nc3 a6 3. g3 b5 4. Bg2 Bb7 5. Nge2 e6 6. d4 cxd4 7. Nxd4 Bc5 8. O-O
Ne7 9. Nb3 Bb6 10. Bf4 O-O 11. Bd6 Bc7 12. a4 Bxd6 13. Qxd6 Nc8 14. Qd2 b4 15.
Na2 a5 16. c3 bxc3 17. Nxc3 d6 18. Rfd1 Nc6 19. Nb5 Qb6 20. Rac1 Rd8 21. N3d4
N8e7 22. Qe3 Nxd4 23. Qxd4 Qxd4 24. Rxd4 Bc6 25. Rxd6 Rxd6 26. Nxd6 Bxa4 27. e5
Nd5 28. Bxd5 exd5 29. f4 Bb3 30. Kf2 a4 31. Ke3 Rd8 32. Rc7 f6 33. Kd4 fxe5+ 34.
fxe5 g6 35. Kc5 d4 36. Kxd4 Kf8 37. Rxh7 Be6 38. Rc7 Rb8 39. Rb7 Rxb7 40. Nxb7
Ke7 41. Kc5 Bb3 42. Nd6 Ke6 43. Kd4 g5 44. Ne4 Bc2 45. Nxg5+ Kf5 46. Nf3 Kg4 47.
Nd2 Kf5 48. Kd5 1-0

[Event "Women's Speed Chess Q8"]
[Site "chess.com INT"]
[Date "2021.06.06"]
[Round "6"]
[White "Maltsevskaya, Aleksandra"]
[Black "Purtseladze, Maka"]
[Result "0-1"]
[WhiteTitle "WGM"]
[BlackTitle "IM"]
[WhiteElo "2390"]
[BlackElo "2274"]
[WhiteFideId "24174041"]
[BlackFideId "13602659"]
[EventDate "2021.06.06"]

1. e4 c6 2. d3 d5 3. Nf3 dxe4 4. dxe4 Qxd1+ 5. Kxd1 Bg4 6. Nd2 Nd7 7. h3 Bh5 8.
c3 e5 9. Kc2 f6 10. a4 Bg6 11. a5 Nc5 12. Bd3 O-O-O 13. Ne1 Nh6 14. b4 Nxd3 15.
Nxd3 Nf7 16. f3 Nd6 17. Re1 Bf7 18. Nf1 Nc4 19. Ne3 Bd6 20. Nxc4 Bxc4 21. Nb2
Be6 22. Be3 Bb8 23. Red1 Bf7 24. Na4 Bg6 25. Nc5 Bf7 26. a6 b6 27. Nb7 Rxd1 28.
Rxd1 Bc7 29. Nd6+ Bxd6 30. Rxd6 Kc7 31. Rd1 Bc4 32. h4 Bxa6 33. Ra1 Kb7 34. Rd1
Rc8 35. Rd7+ Rc7 36. Rd8 Bf1 37. g3 Bg2 38. f4 Bxe4+ 39. Kb2 Bd5 40. Re8 e4 41.
g4 Rd7 42. g5 f5 43. Rh8 g6 44. Re8 Bc4 45. Kc2 Bd3+ 46. Kb2 Bc4 47. Kc2 Rd3 48.
Bd4 Rf3 49. Re7+ Ka6 50. Be5 Rf2+ 51. Kd1 e3 52. Bb8 e2+ 53. Kd2 Rf1 54. Rxa7+
Kb5 0-1

[Event "Women's Speed Chess Q8"]
[Site "chess.com INT"]
[Date "2021.06.06"]
[Round "6"]
[White "Arabidze, Meri"]
[Black "Gunina, Valentina"]
[Result "1-0"]
[WhiteTitle "IM"]
[BlackTitle "GM"]
[WhiteElo "2432"]
[BlackElo "2436"]
[WhiteFideId "13604040"]
[BlackFideId "4167570"]
[EventDate "2021.06.06"]

1. d4 d5 2. c4 c6 3. Nf3 Nf6 4. Nc3 dxc4 5. a4 Bf5 6. e3 e6 7. Bxc4 Bb4 8. O-O
O-O 9. Qe2 Bg6 10. Ne5 Nbd7 11. Nxg6 hxg6 12. Rd1 Qe7 13. e4 e5 14. d5 a5 15.
Bg5 Bxc3 16. d6 Qe8 17. bxc3 Nc5 18. Bxf6 gxf6 19. Qe3 Ne6 20. Rab1 Qd7 21. Bxe6
Qxe6 22. Rxb7 Qc4 23. h3 Qxa4 24. Qd3 Rfd8 25. c4 c5 26. Qd5 Rf8 27. Rdb1 Qc2
28. R7b2 Qc3 29. Qxc5 a4 30. Qb4 Qd3 31. c5 a3 32. Ra2 Kg7 33. c6 Rfc8 34. c7
Qa6 35. Rxa3 Qxa3 36. Qxa3 Rxa3 37. d7 Raa8 38. dxc8=Q Rxc8 39. Rc1 Kf8 40. h4
Ke7 41. g4 Kd7 42. Kh2 Kd6 43. Kg3 Kd7 44. h5 Kd6 45. Kh4 Kd7 46. Rd1+ Ke7 47.
Rc1 Kd7 48. f3 Ke7 49. h6 Kf8 50. g5 Ke7 51. Kg4 fxg5 52. Kxg5 Ke6 53. h7 Ke7
54. Kh6 Kf6 55. Rc6+ Ke7 56. Kg7 1-0

[Event "Women's Speed Chess Q8"]
[Site "chess.com INT"]
[Date "2021.06.06"]
[Round "6"]
[White "Pourkashiyan, Atousa"]
[Black "Morris-Suzuki, Sophie"]
[Result "1-0"]
[WhiteTitle "WGM"]
[BlackTitle "WFM"]
[WhiteElo "2322"]
[BlackElo "2043"]
[WhiteFideId "12502014"]
[BlackFideId "30922615"]
[EventDate "2021.06.06"]

1. e4 c5 2. Nf3 e6 3. d4 cxd4 4. Nxd4 a6 5. Nc3 Qc7 6. Be2 Nf6 7. O-O Nc6 8. Be3
Bb4 9. Na4 O-O 10. c4 Be7 11. Nc3 d6 12. Rc1 Nxd4 13. Bxd4 Bd7 14. f3 Bc6 15.
Nd5 Qd8 16. Nxe7+ Qxe7 17. Qd2 Nd7 18. Rfd1 Rfd8 19. Bf2 Ne5 20. Bg3 f6 21. Qe3
Rac8 22. b3 Nf7 23. f4 Qe8 24. Bh5 g6 25. Bf3 Kg7 26. Be1 b5 27. Ba5 Rd7 28. Bc3
e5 29. g3 bxc4 30. bxc4 Ba4 31. Rd2 Rxc4 32. Rcd1 Bxd1 33. Rxd1 Rdc7 34. Bb2 Qb5
35. Ba1 Rc2 36. fxe5 Nxe5 37. h4 Qc5 38. Bd4 Qc4 39. h5 Rc1 40. h6+ Kf7 41. Kf2
Rxd1 42. Bxd1 Nd3+ 43. Kg2 Ne5 44. Bb3 Ke7 45. Bxc4 Nxc4 46. Qe2 Ne5 47. Qf2 Rc4
48. Bxe5 dxe5 49. Qa7+ Kd6 50. Qxa6+ Kc5 51. Qxf6 Kd4 52. Qf7 Rc2+ 53. Kh3 Kxe4
54. Qxh7 Rxa2 55. Qxg6+ Kd4 56. Qd6+ Kc3 57. Qc6+ Kb3 58. Qd5+ Ka3 59. Qxe5 Rb2
60. Qxb2+ Kxb2 61. h7 Ka2 62. h8=Q Kb1 63. Qd4 Kc2 64. g4 Kb1 65. g5 Ka2 66. g6
Kb1 67. g7 Ka2 68. g8=Q+ Kb1 69. Qb8+ Kc2 70. Qbb2# 1-0

[Event "Women's Speed Chess Q8"]
[Site "chess.com INT"]
[Date "2021.06.06"]
[Round "6"]
[White "Gaponenko, Inna"]
[Black "Babiy, Olga"]
[Result "1-0"]
[WhiteTitle "IM"]
[BlackTitle "WGM"]
[WhiteElo "2357"]
[BlackElo "2280"]
[WhiteFideId "14101181"]
[BlackFideId "14117258"]
[EventDate "2021.06.06"]

1. e4 c5 2. c3 d5 3. exd5 Qxd5 4. d4 Nf6 5. Nf3 e6 6. Bd3 Nc6 7. O-O Be7 8. c4
Qd7 9. dxc5 Bxc5 10. a3 O-O 11. b4 Be7 12. Qc2 Nd4 13. Nxd4 Qxd4 14. Nc3 Rd8 15.
Rd1 Qh4 16. h3 Bd7 17. Be3 b6 18. Ne4 Nxe4 19. Bxe4 Rac8 20. Rac1 f5 21. Bf3 Be8
22. Rxd8 Bxd8 23. c5 bxc5 24. Bxc5 Bb6 25. Qe2 Bf7 26. Qe3 Bxc5 27. Rxc5 Qd8 28.
Rxc8 Qxc8 29. Qxa7 Qc1+ 30. Kh2 Qf4+ 31. Kg1 Qc1+ 32. Kh2 Qf4+ 33. g3 Qd6 34.
Qa8+ Qf8 35. b5 Be8 36. b6 Kf7 37. b7 Qc5 38. Kg2 Bc6 39. b8=Q Bxa8 40. Qxa8 Kg6
41. a4 h5 42. a5 h4 43. a6 hxg3 44. Kxg3 f4+ 45. Kg2 Qg5+ 46. Kh2 Qc5 47. Qe8+
Kg5 48. Qd8+ Kg6 49. Kg2 Kh7 50. Qh4+ Kg8 51. Qxf4 Qb6 52. Bb7 e5 53. Qxe5 Qg6+
54. Kh2 Qc2 55. Qf4 Qc5 56. Qe3 Qd6+ 57. Kg1 Qb4 58. Qe6+ Kf8 59. Qf5+ 1-0

[Event "Women's Speed Chess Q8"]
[Site "chess.com INT"]
[Date "2021.06.06"]
[Round "6"]
[White "Mohota, Nisha"]
[Black "Agrest, Inna"]
[Result "1/2-1/2"]
[WhiteTitle "IM"]
[BlackTitle "WIM"]
[WhiteElo "2195"]
[BlackElo "2285"]
[WhiteFideId "5004330"]
[BlackFideId "1708830"]
[EventDate "2021.06.06"]

1. d4 Nf6 2. c4 g6 3. Nc3 Bg7 4. e4 d6 5. Bd3 O-O 6. Nge2 Nbd7 7. Bg5 a6 8. Qd2
c5 9. d5 Ne5 10. a4 Rb8 11. O-O h6 12. Bh4 Nfd7 13. f4 Nxd3 14. Qxd3 b5 15. axb5
axb5 16. cxb5 Re8 17. Kh1 Qb6 18. Qf3 c4 19. Bg3 Nc5 20. e5 Bf5 21. Nd4 Bd3 22.
Rfd1 Ra8 23. Nc6 Rxa1 24. Rxa1 Nb3 25. Ra6 Qb7 26. Ra7 Qb6 27. Rxe7 Rxe7 28.
Nxe7+ Kh7 29. Nc6 Nd4 30. Nxd4 Qxd4 31. exd6 Qf6 32. f5 Bxf5 33. b6 Qd8 34. b7
Qb8 35. d7 Qxb7 36. d8=Q Qa6 37. h3 Qa1+ 38. Kh2 Qxb2 39. Qf2 Qxc3 40. Qd6 Qd3
41. Qdf4 c3 42. Q4f3 c2 43. Qxd3 Bxd3 44. Qd2 Bf5 45. Bf4 Bb2 46. Be3 c1=Q 47.
Qxc1 Bxc1 48. Bxc1 Bd7 49. Be3 Kg7 50. g4 g5 51. Bd4+ Kg6 52. Kg3 f5 53. Kf3
fxg4+ 54. hxg4 Kf7 55. Kg3 Kg6 56. Be5 Kf7 57. Bd6 Kf6 58. Bc7 Kg6 59. Bb8 Kf7
60. Bc7 Kg6 61. Bb8 Kf7 62. Bc7 Kg6 1/2-1/2

[Event "Women's Speed Chess Q8"]
[Site "chess.com INT"]
[Date "2021.06.06"]
[Round "6"]
[White "Szente Varga, Fruzsina"]
[Black "Pandey, Srishti"]
[Result "0-1"]
[WhiteTitle "WFM"]
[BlackTitle "WFM"]
[WhiteElo "2100"]
[BlackElo "2026"]
[WhiteFideId "712264"]
[BlackFideId "35093290"]
[EventDate "2021.06.06"]

1. e4 e6 2. d4 d5 3. Nd2 Nf6 4. e5 Nfd7 5. f4 c5 6. c3 Nc6 7. Ndf3 b6 8. Bd3 Be7
9. Ne2 f5 10. O-O O-O 11. Kh1 Bb7 12. Rg1 cxd4 13. cxd4 Nb4 14. Bb1 Rc8 15. a3
Nc6 16. Qe1 Qe8 17. g4 g6 18. gxf5 exf5 19. Ng5 Bxg5 20. Rxg5 Qe6 21. Bd3 Nd8
22. Qg1 Kh8 23. Be3 Nf7 24. Rg3 Qe7 25. Bd2 a5 26. b4 axb4 27. Bxb4 Nc5 28. dxc5
d4+ 29. Rg2 bxc5 30. Bd2 Qe6 31. Rc1 Rfd8 32. Bc4 Qe8 33. Rb1 Be4 34. Rc1 Nh6
35. h3 Qe7 36. Kh2 Bxg2 37. Qxg2 Qh4 38. Rb1 Rb8 39. Be1 Qe7 40. Rc1 Rb2 41. Qf3
Rdb8 42. Bf2 Nf7 43. Kg1 Nd8 44. Nxd4 cxd4 45. Bxd4 Rd2 46. Qd5 Ne6 47. Qxe6
Qxe6 48. Bxe6 Rxd4 49. Rc8+ Rxc8 50. Bxc8 Rxf4 51. e6 Re4 52. Bd7 Kg7 53. a4 Kf6
54. a5 Re1+ 55. Kf2 Ra1 56. Kf3 Rxa5 57. Kf4 Ra7 58. h4 h6 59. Kg3 g5 60. hxg5+
hxg5 61. Kf3 Ra6 62. Ke3 Rxe6+ 63. Bxe6 Kxe6 64. Kf3 Ke5 65. Kg3 f4+ 66. Kf3 Kf5
67. Kf2 g4 68. Kg2 Ke4 69. Kf2 f3 70. Kg3 Ke3 71. Kxg4 f2 0-1

[Event "Women's Speed Chess Q8"]
[Site "chess.com INT"]
[Date "2021.06.06"]
[Round "6"]
[White "Komiagina, Maria"]
[Black "Pavlidou, Ekaterini"]
[Result "1/2-1/2"]
[WhiteTitle "WIM"]
[BlackTitle "WIM"]
[WhiteElo "2241"]
[BlackElo "2157"]
[WhiteFideId "4153987"]
[BlackFideId "4213262"]
[EventDate "2021.06.06"]

1. e4 c5 2. Nf3 Nc6 3. Bb5 Qc7 4. a4 a6 5. Bxc6 dxc6 6. Na3 e5 7. Nc4 Bd6 8. h3
h6 9. d3 Be6 10. O-O Ne7 11. a5 O-O-O 12. Qe2 g5 13. Nh2 h5 14. Be3 Rdg8 15.
Rfb1 f5 16. b4 cxb4 17. Bb6 Qb8 18. d4 exd4 19. e5 Bc7 20. Rxb4 Nd5 21. Bxc7
Qxc7 22. Nd6+ Kb8 23. Rxb7+ Qxb7 24. Nxb7 Kxb7 25. Rb1+ Ka7 26. Qc4 Rc8 27. Qc5+
Ka8 28. Nf3 Bd7 29. Nxd4 Rb8 30. Rxb8+ Kxb8 31. e6 Be8 32. Nxc6+ Bxc6 33. Qxc6
Nc7 34. Qb6+ Kc8 35. e7 Re8 36. Qf6 g4 37. hxg4 fxg4 38. g3 Kd7 39. Qf5+ Ne6 40.
Qxh5 Rxe7 41. Qxg4 Rg7 42. Qc4 Kd6 43. Qxa6+ Ke5 44. Qe2+ Kf5 45. Qd3+ Kf6 46.
Qc3+ Kf7 47. a6 Rg8 48. a7 Rd8 49. Kg2 Ra8 50. Qa5 Ke7 51. Qa6 Nf4+ 52. gxf4
Rg8+ 53. Kf3 Ra8 54. Qb7+ Kd6 55. Qxa8 Kc5 56. Qb8 Kc4 57. Qc7+ Kd4 58. Qe5+ Kc4
59. a8=Q Kb4 60. Qb7+ Ka3 1/2-1/2

[Event "Women's Speed Chess Q8"]
[Site "chess.com INT"]
[Date "2021.06.06"]
[Round "6"]
[White "Zhuravleva, Olga"]
[Black "Perez Rodriguez, Jennifer"]
[Result "1-0"]
[WhiteTitle "WIM"]
[BlackTitle "WIM"]
[WhiteElo "2278"]
[BlackElo "2251"]
[WhiteFideId "4145933"]
[BlackFideId "3507831"]
[EventDate "2021.06.06"]

1. e4 e5 2. Nf3 Nc6 3. Bc4 Nf6 4. Ng5 d5 5. exd5 b5 6. Bf1 Nd4 7. c3 Nxd5 8. Ne4
Qh4 9. Ng3 Nc6 10. Bxb5 Bd7 11. Qa4 Qxa4 12. Bxa4 Bc5 13. O-O h5 14. Ne4 Bb6 15.
c4 Nf4 16. c5 Ba5 17. a3 Nd4 18. Bxd7+ Kxd7 19. b4 Nfe2+ 20. Kh1 Nb3 21. Nbc3
Nxa1 22. Nxe2 Bxb4 23. axb4 a5 24. bxa5 Rxa5 25. Bb2 Nb3 26. Bc3 Ra2 27. Bxe5 f6
28. Bc3 Re8 29. f3 f5 30. N2g3 fxe4 31. Nxe4 Kc6 32. h4 g6 33. Rb1 Nxc5 34. Nxc5
Kxc5 35. Rb7 Kc6 36. Rb4 Re6 37. Rc4+ Kd7 38. Rd4+ Rd6 39. Rf4 Re6 40. Rf7+ Kc6
41. Kh2 Ra7 42. Kg3 Rb7 43. Rf4 Kd5 44. Rd4+ Kc6 45. Rc4+ Kd7 46. Rd4+ Rd6 47.
Rf4 Re6 48. Rd4+ Ke7 49. Rf4 Rb5 50. Rc4 c6 51. Ra4 Rd5 52. Ra7+ Rd7 53. Ra8 Kf7
54. Ra4 Red6 55. Rf4+ Kg8 56. Rc4 Kf7 57. Rc5 Ke6 58. Rc4 Rd5 59. Re4+ Kf7 60.
Rf4+ Rf5 61. Rc4 Rd6 62. Ra4 Ke6 63. Ra7 Kd5 64. Rg7 Kc4 65. Re7 Kd3 66. Re3+
Kc2 67. Re4 Kd1 68. Re3 Rfd5 69. Re4 Rf5 70. Rc4 Ke1 71. Bb4 Ke2 72. Bxd6 Kd3
73. Rc5 Rf6 74. Bf4 Kd4 75. Be3+ Kd3 76. Rg5 Ke2 77. Ra5 Kd3 78. Ra6 Ke2 79. Bg5
Kd3 80. Bxf6 1-0

[Event "Women's Speed Chess Q8"]
[Site "chess.com INT"]
[Date "2021.06.06"]
[Round "6"]
[White "Cyfka, Karina"]
[Black "Nikolova, Adriana"]
[Result "0-1"]
[WhiteTitle "IM"]
[BlackTitle "WGM"]
[WhiteElo "2417"]
[BlackElo "2243"]
[WhiteFideId "1122681"]
[BlackFideId "2908689"]
[EventDate "2021.06.06"]

1. d4 d5 2. c4 c6 3. Nf3 Nf6 4. e3 Bg4 5. Qb3 Qb6 6. Nc3 Bxf3 7. gxf3 e6 8. f4
Nbd7 9. Bd2 Be7 10. Rg1 O-O 11. Bd3 Kh8 12. Qc2 dxc4 13. Bxc4 c5 14. d5 exd5 15.
Nxd5 Nxd5 16. Bxd5 Bf6 17. O-O-O Qa6 18. Bc3 Bxc3 19. Qxc3 Nf6 20. Bf3 Rad8 21.
Kb1 c4 22. e4 Rxd1+ 23. Rxd1 Qe6 24. e5 Qf5+ 25. Qc2 Qxf4 26. exf6 Qxf3 27.
fxg7+ Kxg7 28. Rg1+ Kh8 29. Qxc4 Qxf2 30. Qg4 Qf6 31. a3 Qg6+ 32. Qxg6 hxg6 33.
Rd1 Kg7 34. Rd7 Rh8 35. Rxb7 Rxh2 36. Rxa7 g5 37. Rd7 g4 38. a4 g3 39. Rd3 g2
40. Rg3+ Kf6 41. Ka2 Kf5 42. a5 Kf4 43. Rg7 f5 44. a6 Kf3 45. a7 Rh8 46. b4 Ra8
47. Kb3 Rxa7 48. Rxa7 g1=Q 49. Ra5 Qe3+ 50. Ka4 f4 51. b5 Qd4+ 52. Kb3 Ke2 53.
Ra4 Qd3+ 54. Kb4 f3 55. Ra2+ Kd1 56. Ra3 Qd2+ 57. Ka4 Qc2+ 58. Ka5 f2 59. b6
Qd2+ 60. Ka6 f1=Q+ 61. Ka7 Qd7+ 62. b7 Qg1+ 63. Ka8 Qg2 64. Ra1+ Ke2 65. Ra2+
Kf3 66. Rxg2 Qa4+ 67. Kb8 Kxg2 68. Kc8 Qc4+ 69. Kd7 Qd5+ 70. Kc7 Qc5+ 71. Kd7
Qb6 72. Kc8 Qc6+ 73. Kb8 Kf3 74. Ka7 Qa4+ 75. Kb8 Ke4 76. Kc7 Qc4+ 77. Kd7 Qd5+
78. Kc7 Qc5+ 79. Kd7 Qb6 80. Kc8 Qc6+ 81. Kb8 Kd5 82. Ka7 Qa4+ 83. Kb8 Kc6 84.
Kc8 Qg4+ 85. Kb8 Qg8+ 86. Ka7 Qf7 87. Ka6 Qxb7+ 88. Ka5 Qb5# 0-1

[Event "Women's Speed Chess Q8"]
[Site "chess.com INT"]
[Date "2021.06.06"]
[Round "7"]
[White "Purtseladze, Maka"]
[Black "Tokhirjonova, Gulrukhbegim"]
[Result "1-0"]
[WhiteTitle "IM"]
[BlackTitle "WGM"]
[WhiteElo "2274"]
[BlackElo "2344"]
[WhiteFideId "13602659"]
[BlackFideId "14203626"]
[EventDate "2021.06.06"]

1. b3 d5 2. Bb2 Nf6 3. e3 c5 4. Nf3 Nc6 5. Bb5 Bd7 6. O-O e6 7. d3 Bd6 8. Bxc6
Bxc6 9. Ne5 Qc7 10. f4 O-O 11. Nd2 b5 12. Nxc6 Qxc6 13. Bxf6 gxf6 14. Qh5 Kh8
15. Rf3 Rg8 16. Qxf7 Bf8 17. Rh3 Bg7 18. Qh5 h6 19. Qg6 Rgf8 20. Rf1 Qe8 21.
Rxh6+ Bxh6 22. Qxh6+ Kg8 23. Rf3 1-0

[Event "Women's Speed Chess Q8"]
[Site "chess.com INT"]
[Date "2021.06.06"]
[Round "7"]
[White "Pavlidou, Ekaterini"]
[Black "Von Herman, Brigitte"]
[Result "1-0"]
[WhiteTitle "WIM"]
[BlackTitle "WFM"]
[WhiteElo "2157"]
[BlackElo "1991"]
[WhiteFideId "4213262"]
[BlackFideId "4628730"]
[EventDate "2021.06.06"]

1. d4 d5 2. c4 Nc6 3. Nf3 Bg4 4. cxd5 Bxf3 5. dxc6 Bxc6 6. Nc3 e6 7. e4 Bb4 8.
f3 Qh4+ 9. g3 Qh5 10. Bg2 Ne7 11. O-O O-O 12. a3 Bxc3 13. bxc3 Rad8 14. Be3 a6
15. Rb1 Qg6 16. Qe2 h5 17. c4 b6 18. d5 exd5 19. cxd5 Bb5 20. Rxb5 axb5 21. Qxb5
h4 22. gxh4 Qh5 23. Bg5 f6 24. Bf4 Qxh4 25. Bxc7 Rc8 26. Qxb6 Ng6 27. Bg3 Qh6
28. Qe6+ Kh8 29. f4 Rfe8 30. Qf5 Nh4 31. Bxh4 Qxh4 32. d6 Red8 33. Rf3 Rc1+ 34.
Bf1 Qe1 35. Rh3+ Kg8 36. Qe6+ Kf8 37. Rh8# 1-0

[Event "Women's Speed Chess Q8"]
[Site "chess.com INT"]
[Date "2021.06.06"]
[Round "7"]
[White "Sliwicka, Alicja"]
[Black "Sviridova, Vlada"]
[Result "1-0"]
[WhiteTitle "WIM"]
[BlackTitle "WFM"]
[WhiteElo "2308"]
[BlackElo "2144"]
[WhiteFideId "1150677"]
[BlackFideId "24109606"]
[EventDate "2021.06.06"]

1. e4 e6 2. d4 d5 3. Nc3 Bb4 4. Qd3 Ne7 5. Bg5 dxe4 6. Qxe4 Qd6 7. a3 Bxc3+ 8.
bxc3 c5 9. Nf3 h6 10. Bf4 Qb6 11. Bd3 Bd7 12. Ne5 Bc6 13. Nxc6 Nbxc6 14. O-O
cxd4 15. Rab1 Qc5 16. cxd4 Qxd4 17. Rxb7 Qxe4 18. Bxe4 Rc8 19. Bd6 f5 20. Bf3
Kf7 21. Bxc6 Rxc6 22. Bxe7 Rxc2 23. Rxa7 Rhc8 24. a4 Kg6 25. a5 Ra2 26. Bd6 Rc6
27. Be5 Rc5 28. Bxg7 Rcxa5 29. Rxa5 Rxa5 30. Bc3 Rc5 31. Bd4 Rd5 32. Be3 e5 33.
g3 Rd3 34. Ra1 1-0

[Event "Women's Speed Chess Q8"]
[Site "chess.com INT"]
[Date "2021.06.06"]
[Round "7"]
[White "Babiy, Olga"]
[Black "Kulon, Klaudia"]
[Result "1-0"]
[WhiteTitle "WGM"]
[BlackTitle "IM"]
[WhiteElo "2280"]
[BlackElo "2363"]
[WhiteFideId "14117258"]
[BlackFideId "1131044"]
[EventDate "2021.06.06"]

1. d4 d5 2. Bf4 Nf6 3. Nf3 c5 4. e3 Nc6 5. Nbd2 cxd4 6. exd4 Bf5 7. c3 e6 8. Qb3
Qc8 9. Bb5 Be7 10. O-O O-O 11. h3 a6 12. Be2 b5 13. Qd1 Ne4 14. a3 h6 15. Nxe4
Bxe4 16. Nd2 Bh7 17. Re1 Qd7 18. Nf3 f6 19. Bd3 Bxd3 20. Qxd3 Bd6 21. Bd2 Na5
22. Re2 Nc4 23. Qc2 Rac8 24. Rae1 Rfe8 25. Qg6 Qf7 26. Qxf7+ Kxf7 27. Bc1 a5 28.
Rd1 a4 29. Ne1 Na5 30. Nd3 Nc4 31. Bf4 e5 32. dxe5 fxe5 33. Bg3 Rcd8 34. Ne1 e4
35. Rxd5 Bxg3 36. Rxd8 Bxf2+ 37. Rxf2+ 1-0

[Event "Women's Speed Chess Q8"]
[Site "chess.com INT"]
[Date "2021.06.06"]
[Round "7"]
[White "Kanyamarala, Trisha"]
[Black "Antonova, Nadezhda"]
[Result "1-0"]
[WhiteTitle "WIM"]
[BlackTitle "WFM"]
[WhiteElo "2180"]
[BlackElo "1877"]
[WhiteFideId "45004722"]
[BlackFideId "14700182"]
[EventDate "2021.06.06"]

1. d4 Nf6 2. c4 g6 3. Nc3 Bg7 4. e4 d6 5. Nf3 O-O 6. Be2 e5 7. d5 a5 8. h3 Na6
9. Bg5 h6 10. Be3 c6 11. dxc6 bxc6 12. Qd2 Kh7 13. Rd1 Ne8 14. c5 d5 15. exd5
cxd5 16. Qxd5 Qxd5 17. Nxd5 Be6 18. Nb6 Ra7 19. c6 Nb4 20. Nd7 Nc2+ 21. Kd2 Nxe3
22. Nxf8+ Bxf8 23. fxe3 Bxa2 24. Nxe5 Bb4+ 25. Kc2 a4 26. Rd7 Bb3+ 27. Kb1 Bc5
28. Rxa7 Bxa7 29. Bc4 Kg7 30. Bxb3 axb3 31. e4 Nf6 32. c7 1-0

[Event "Women's Speed Chess Q8"]
[Site "chess.com INT"]
[Date "2021.06.06"]
[Round "7"]
[White "Gunina, Valentina"]
[Black "Eswaran, Ashritha"]
[Result "0-1"]
[WhiteTitle "GM"]
[BlackTitle "WIM"]
[WhiteElo "2436"]
[BlackElo "2244"]
[WhiteFideId "4167570"]
[BlackFideId "2080788"]
[EventDate "2021.06.06"]

1. d4 Nf6 2. c4 e6 3. Nf3 d5 4. Nc3 Be7 5. Bg5 O-O 6. e3 b6 7. Rc1 Bb7 8. cxd5
exd5 9. Bd3 h6 10. Bf4 c6 11. O-O Nbd7 12. Ne5 Nxe5 13. dxe5 Nd7 14. Bb1 Bg5 15.
Qc2 f5 16. exf6 Nxf6 17. Bxg5 hxg5 18. Qg6 c5 19. Qxg5 Qe7 20. Ne2 d4 21. Bd3
Bd5 22. exd4 c4 23. Nf4 cxd3 24. Nxd5 Qd6 25. Nxf6+ Rxf6 26. d5 Raf8 27. Rc6 Qe7
28. Rxf6 Rxf6 29. h4 Qe2 30. Qc1 d2 31. Qc8+ Kh7 32. Qc2+ Kh6 33. f3 Rg6 34. g4
Qe3+ 35. Kg2 Qe2+ 36. Rf2 Rxg4+ 37. fxg4 Qxg4+ 38. Kh2 d1=Q 0-1

[Event "Women's Speed Chess Q8"]
[Site "chess.com INT"]
[Date "2021.06.06"]
[Round "7"]
[White "Tsatsalashvili, Keti"]
[Black "Arpita, Mukherjee"]
[Result "0-1"]
[WhiteTitle "WGM"]
[BlackTitle "WIM"]
[WhiteElo "2331"]
[BlackElo "2206"]
[WhiteFideId "13603434"]
[BlackFideId "5056403"]
[EventDate "2021.06.06"]

1. Nf3 Nf6 2. d4 g6 3. c4 Bg7 4. Nc3 d6 5. e4 O-O 6. Be2 e5 7. O-O Nc6 8. d5 Ne7
9. Ne1 Ne8 10. Be3 f5 11. f3 f4 12. Bf2 g5 13. c5 h5 14. Nb5 a6 15. Na7 Bd7 16.
c6 bxc6 17. dxc6 Be6 18. Qa4 g4 19. Bc4 Bxc4 20. Qxc4+ Kh8 21. b4 g3 22. hxg3
fxg3 23. Be3 d5 24. exd5 Nf5 25. Bc5 Ned6 26. Bxd6 Nxd6 27. Qc5 Qh4 0-1

[Event "Women's Speed Chess Q8"]
[Site "chess.com INT"]
[Date "2021.06.06"]
[Round "7"]
[White "Vantika, Agrawal"]
[Black "Yu, Jennifer"]
[Result "1-0"]
[WhiteTitle "WIM"]
[BlackTitle "FM"]
[WhiteElo "2286"]
[BlackElo "2316"]
[WhiteFideId "25050389"]
[BlackFideId "2078341"]
[EventDate "2021.06.06"]

1. d4 d5 2. Nf3 Nf6 3. e3 e6 4. b3 c5 5. Bb2 Nc6 6. a3 Bd6 7. Nbd2 O-O 8. Bd3
Re8 9. Ne5 Qc7 10. f4 cxd4 11. exd4 h6 12. Qe2 Nd7 13. O-O Nf8 14. Qh5 Qe7 15.
c4 dxc4 16. Ndxc4 Bc7 17. Rae1 Bd7 18. Re3 Nxe5 19. fxe5 Bc6 20. Rg3 Kh8 21.
Rxf7 1-0

[Event "Women's Speed Chess Q8"]
[Site "chess.com INT"]
[Date "2021.06.06"]
[Round "7"]
[White "Priyanka, K"]
[Black "Torres Hernandez, Leslie Carolin"]
[Result "1-0"]
[WhiteTitle "WIM"]
[BlackTitle "WFM"]
[WhiteElo "2218"]
[BlackElo "1884"]
[WhiteFideId "5082986"]
[BlackFideId "8400504"]
[EventDate "2021.06.06"]

1. e4 e6 2. d4 d5 3. Nc3 Nf6 4. Bg5 Be7 5. e5 Nfd7 6. Bxe7 Qxe7 7. f4 a6 8. Nf3
c5 9. dxc5 Nxc5 10. Bd3 Nxd3+ 11. cxd3 Nc6 12. O-O O-O 13. Ne2 b5 14. Kh1 Bb7
15. Rc1 f6 16. Ned4 Nxd4 17. Nxd4 fxe5 18. fxe5 Rxf1+ 19. Qxf1 Rf8 20. Qe2 Bc8
21. Rf1 Bd7 22. h3 Be8 23. Rxf8+ Kxf8 24. Qg4 Bf7 25. Qd1 Qh4 26. Nf3 Qf2 27.
Qc1 g6 28. a3 Kg7 29. Qd2 Qf1+ 30. Kh2 h6 31. Qc2 g5 32. Qd2 Bh5 33. Nd4 Bf7 34.
Qe3 Bg8 35. Qf3 Qxf3 36. Nxf3 Kg6 37. g4 h5 38. Kg3 h4+ 39. Kf2 Bf7 40. Ke3 Be8
41. Kd4 1-0